000 01290nam a2200229 i 4500
003 DO-SdBNP
005 20260304092050.0
006 a||||gr|||| 00| 0
007 ta
008 230913e2001 dr ||||| |||| 00| 0 spa d
040 _aDO-SdBNP
_bspa
_cBNPHU
_erda
082 4 _222
_bB742
100 1 _aOrtiz Bosch, Milagros, 1936-
_d1936-
_eautora
_926797
245 1 0 _aDiscurso sobre el "perfil del candidato o candidata" para las elecciones del 2002 pronunciado por la Doctora Milagros Ortiz Bosch en el Museo de Historia y Geografía, el día 26 de agosto del 2001:
_cMilagros Ortíz Bosch
246 1 4 _aPerfil del candidato o candidata.
264 _cSanto Domingo :
_a[sin lugar],
_b2001
500 _aPonencia presentada en el seminario Los Distritos Electorales, organizado por el Departamento Electoral del Partido Revolucionario Dominicano y celebrada en el Museo de Historia y Geografía el 26 de agosto, 2001.
505 0 _aA manera de prólogo.
_tUn largo proceso.-- Algunos ejemplos.-- La campaña política.-- El Partido y la Oferta Política.-- Sector externo - Sociedad Civil.-- Los avances.-- El Discurso.-- Recursos Económicos.-- Coherencia ética.
590 _aInventariado 2023 / MF
600 1 0 _aOrtiz Bosch, Milagros, 1936-
_d1936-
_xDiscurso
_926797
942 _2ddc
_cLF2
999 _c54747
_d54747